Sociologie des familles contemporaines (notice n° 1568691)
[ vue normale ]
| 000 -LEADER | |
|---|---|
| fixed length control field | 01507cam a2200133 4500500 |
| 005 - DATE AND TIME OF LATEST TRANSACTION | |
| control field | 20251214005145.0 |
| 041 ## - LANGUAGE CODE | |
| Language code of text/sound track or separate title | fre |
| 042 ## - AUTHENTICATION CODE | |
| Authentication code | dc |
| 100 10 - MAIN ENTRY--PERSONAL NAME | |
| Personal name | de Singly, François |
| Relator term | author |
| 245 00 - TITLE STATEMENT | |
| Title | Sociologie des familles contemporaines |
| 260 ## - PUBLICATION, DISTRIBUTION, ETC. | |
| Name of publisher, distributor, etc. | Armand Colin,<br/> |
| Date of publication, distribution, etc. | 2023.<br/> |
| 520 ## - SUMMARY, ETC. | |
| Summary, etc. | Depuis la fin du XIXe siècle, la famille soutient (idéalement) le développement personnel de chacun de ses membres, tout en contribuant à la reproduction des inégalités sociales. Dans cette 7e édition actualisée, ce long processus est schématisé en trois étapes :– Jusqu’aux années 1960, la famille moderne un s’est imposée avec le mariage amoureux, une grande division du travail entre les sexes, le repli sur le bonheur familial, et le soutien de l’État-providence.– À partir des années 1960, la famille moderne deux est apparue, avec le droit au divorce, la reconnaissance de nouvelles formes familiales, l’individualisation croissante de la femme et de l’enfant, ainsi que le maintien de la domination masculine visible dans les violences conjugales et du primat de l’engagement professionnel des hommes.– Depuis le XXIe siècle, naissent des familles modernes trois, caractérisées par une critique du couple hétérosexuel, une déconnexion entre vie conjugale et vie parentale, une ouverture à de nouveaux membres (amis, animaux familiers). |
| 856 41 - ELECTRONIC LOCATION AND ACCESS | |
| Uniform Resource Identifier | <a href="https://shs.cairn.info/sociologie-des-familles-contemporaines--9782200626860?lang=fr&redirect-ssocas=7080">https://shs.cairn.info/sociologie-des-familles-contemporaines--9782200626860?lang=fr&redirect-ssocas=7080</a> |
Pas d'exemplaire disponible.




Réseaux sociaux